Memorias del General José Antonio Páez: autobiografía. Apreciación de Páez por Martí
I tiakina i:
| Kaituhi matua: | |
|---|---|
| Hōputu: | Pukapuka |
| Reo: | Pāniora |
| I whakaputaina: |
Madrid
Editorial América
1910
|
| Putanga: | 1a. ed |
| Rangatū: | Biblioteca Ayacucho, bajo la dirección de Don Rufino Blanco Fombona, vol. IV
|
| Ngā marau: | |
| Ngā Tūtohu: |
Tāpirihia he Tūtohu
Kāore He Tūtohu, Me noho koe te mea tuatahi ki te tūtohu i tēnei pūkete!
|
MARC
| LEADER | 00000nam a2200000 a 4500 | ||
|---|---|---|---|
| 001 | UCJ6458 | ||
| 003 | CL-VaPUC | ||
| 005 | 20240821123534.0 | ||
| 008 | 070124e19100000SP |||||||||||||||||spa|d | ||
| 999 | |c 322561 |d 322559 | ||
| 040 | |c Pontificia Universidad Católica de Valparaíso | ||
| 082 | 0 | 4 | |a 980 |b PAE |2 21 |
| 100 | 1 | |a Páez, José Antonio |e autor |9 879890 | |
| 245 | 1 | 0 | |a Memorias del General José Antonio Páez: autobiografía. Apreciación de Páez por Martí |
| 250 | |a 1a. ed | ||
| 260 | |a Madrid |b Editorial América |c 1910 | ||
| 300 | |a 481 p | ||
| 490 | 0 | |a Biblioteca Ayacucho, bajo la dirección de Don Rufino Blanco Fombona, vol. IV | |
| 583 | |a last modification |c 20191015 10:06:28 |k Rodrigo Vera | ||
| 600 | 0 | 7 | |a BLANCO FOMBONA, RUFINO |2 CL-VaPUC |9 345390 |
| 600 | 0 | |a Martí, José, |d 1853-1895 |9 475873 | |
| 600 | 0 | |a Morillo, Pablo, |c Conde de Cartagena, |d 1778-1837 |9 513119 | |
| 600 | 0 | |a Bolívar, Simón |d 1783-1830 |9 265422 | |
| 650 | 7 | |a BIOGRAFIA |2 CL-VaPUC |9 504622 | |
| 650 | 0 | |a Autobiografías |9 265171 | |
| 650 | 7 | |a MEMORIAS |2 CL-VaPUC |9 269159 | |
| 650 | 0 | |a Geografía |9 259346 | |
| 650 | 0 | |a Independencia |9 344246 | |
| 650 | 0 | |a Guerra de la independencia |9 331979 | |
| 650 | 7 | |a BATALLAS |2 CL-VaPUC |9 376940 | |
| 650 | 7 | |a FRANCESES |2 CL-VaPUC |9 445469 | |
| 650 | 7 | |a DOCUMENTOS |2 CL-VaPUC |9 366450 | |
| 651 | 0 | |a Venezuela |9 254993 | |
| 651 | 0 | |a Colombia |9 256424 | |
| 651 | 7 | |a CUBA |2 CL-VaPUC |9 255263 | |
| 942 | |c BK |2 ddc | ||
| 945 | |d 20070124 00:00:00 |a rinostro | ||
| 952 | |0 0 |1 0 |4 0 |6 980_000000000000000_PAE_1910 |7 0 |8 X |9 401574 |a FDOBUD |b FDOBUD |d 2019-11-22 |i 1048155 |o 980 PAE 1910 |p 1048155 |r 2019-11-22 |w 2019-11-22 |y BK_X |k BUD | ||